[Event "Perth Respini-D"]
[Site "Perth"]
[Date "2005.09.01"]
[Round "1"]
[White "Koch, L."]
[Black "Leeson, R."]
[Result "0-1"]
[WhiteElo "1190"]
[BlackElo "1428"]
[PlyCount "68"]
[EventDate "2005.09.01"]
[EventType "tourn"]
[EventRounds "9"]
[EventCountry "AUS"]
[SourceTitle "EXT 2010"]
[Source "ChessBase"]
[SourceDate "2010.11.25"]
[SourceVersion "1"]
[SourceVersionDate "2010.11.25"]
[SourceQuality "1"]

1. d4 d5 2. c4 dxc4 3. Nc3 b6 4. Nf3 Bb7 5. e4 e6 6. Bxc4 Bb4 7. Qa4+ Nc6 8. 0-0 Nge7 9. d5 Bxc3 10. bxc3 exd5 11. exd5 Nxd5 12. Re1+ Nde7 13. Ba3 0-0 14. Ng5 Qd2 15. Nf3 Qxc3 16. Rac1 Qa5 17. Qb3 Rae8 18. Rcd1 Bc8 19. Bb5 Bb7 20. Bc4 a6 21. Bb2 b5 22. Bd3 Nb4 23. Qc3 f6 24. Ng5 Ned5 25. Qd4 Nxd3 26. Re6 Nxb2 27. Qxb2 fxg5 28. Re5 Rxe5 29. Qxe5 Qxa2 30. Qe6+ Kh8 31. Qe1 Nf4 32. Qe7 Ng6 33. Qe3 Nh4 34. Qc5 Qf7 0-1